Consumer market study on the functioning of the real estate services for consumers in the European Union Country fiche: Bulgaria /

Bibliographic Details
Main Author: Hristova, Nataliya
Format: eBook
Language:English
Published: Bruselas: European Union Publications Office, 2019
Subjects:
Online Access:Acceso restringido

MARC

LEADER 00000nam a22000007a 4500
005 20220118215052.0
007 cr|||| ||||
008 220118s2019 eu |||||s||||i00||0 eng d
020 |a 978-92-9200-896-3 
035 |a 34393 
040 |a vLex 
090 |c 12854  |d 12854 
100 1 |a Hristova, Nataliya 
245 1 0 |a Consumer market study on the functioning of the real estate services for consumers in the European Union  |h [Recurso electrn̤ico] :  |b Country fiche: Bulgaria /  |c Nataliya Hristova 
256 |a Servicio en ln̕ea 
260 |a Bruselas:  |b European Union Publications Office,  |c 2019 
300 |a 1 recurso electrn̤ico 
506 1 |a Disponible solo en los productos indicados  |d vLex Global  |d vLex Global (Academic Edition, excluding Law Schools)  |d vLex Global (U.S. Academic Edition, Law Schools)  |d vLex Global (U.S. Academic Edition, excluding Law Schools)  |d vLex Global (Academic Edition, Law Schools) 
650 0 4 |a Derecho Comunitario  |z Unin̤ Europea 
740 0 |a vLex Libros (Servicio en ln̕ea) 
856 4 0 |u https://app.vlex.com/#/sources/34393  |z Acceso restringido 
942 |c BOOK 
999 0 |a Community Law